[Event "Titled Tue 24th Jun Early"]
[Site "chess.com INT"]
[Date "2025.06.24"]
[Round "8"]
[White "Bruhovich, Olexandr"]
[Black "Subramanian, Anusha"]
[Result "1/2-1/2"]
[WhiteTitle "CM"]
[BlackTitle "WFM"]
[WhiteElo "2208"]
[BlackElo "2045"]
[WhiteFideId "14119919"]
[BlackFideId "477710"]
[EventDate "2025.06.24"]

1. a3 d5 2. b4 e5 3. Bb2 Bd6 4. g3 c6 5. Bg2 Ne7 6. e3 Be6 7. Ne2 a5 8. bxa5
Qxa5 9. O-O Nd7 10. f4 O-O 11. fxe5 Bxe5 12. Bxe5 Nxe5 13. Nd4 Bg4 14. Qe1 c5
15. Nb3 Qc7 16. Nc3 Rad8 17. d3 Be6 18. Nd2 Qa5 19. Nf3 N7c6 20. Nxe5 Nxe5 21.
Nxd5 Qxe1 22. Ne7+ Kh8 23. Raxe1 Rfe8 24. Nf5 c4 25. d4 Nc6 26. c3 Na5 27. e4
Nb3 28. d5 Bxf5 29. Rxf5 Ra8 30. Rxf7 Rxa3 31. Rxb7 Nc5 32. Rc7 Nd3 33. Rf1 Rxc3
34. d6 Ne5 35. d7 Rg8 36. Rf5 Rc1+ 37. Bf1 Nxd7 38. Rxd7 Re1 39. e5 h6 40. Kf2
Re4 41. Rc7 Rd8 42. Bxc4 Rd2+ 43. Kf3 Re1 44. Rff7 Rc1 45. Rxg7 Rxc4 46. Rh7+
Kg8 47. Rhg7+ Kf8 48. Rgf7+ Ke8 49. Rxc4 Kxf7 50. h4 Ke6 51. Rc6+ Kxe5 52. Rxh6
Rd3+ 53. Kg4 Rd4+ 54. Kh3 Rd3 55. Rh5+ Kf6 56. Rg5 Rf3 57. Rg4 Kf5 58. Rb4 Rd3
59. Rb5+ Kg6 60. Rb4 Kf5 61. Rf4+ Kg6 62. Kg4 Kh6 63. Re4 Kg6 64. Kf4 Kf6 65. g4
Rd1 66. Re3 Rf1+ 67. Rf3 Rg1 68. h5 Kg7 69. Kg5 Rc1 70. Rf5 Rc4 71. h6+ Kh7 72.
Rf7+ Kg8 73. Rd7 Rc5+ 74. Kh4 Rb5 75. g5 Rb4+ 76. Kh5 Rb5 77. Rd6 Re5 78. Kg6
Re8 79. Rf6 Kh8 80. Rd6 Kg8 81. Kf6 Rf8+ 82. Kg6 Re8 1/2-1/2

[Event "Titled Tue 24th Jun Early"]
[Site "chess.com INT"]
[Date "2025.06.24"]
[Round "8"]
[White "Harshit, Ranjan Sahu"]
[Black "Cahaya, Satria Duta"]
[Result "1-0"]
[WhiteTitle "CM"]
[BlackTitle "FM"]
[WhiteElo "2191"]
[BlackElo "2386"]
[WhiteFideId "25638815"]
[BlackFideId "7124252"]
[EventDate "2025.06.24"]

1. e4 c5 2. Nc3 d6 3. f4 Nc6 4. Nf3 g6 5. Bc4 Bg7 6. O-O e6 7. Qe1 Nge7 8. d3
O-O 9. Qh4 d5 10. Bb3 Nd4 11. f5 exf5 12. Nxd4 Bxd4+ 13. Kh1 Be6 14. Bh6 Bg7 15.
e5 Nc6 16. Bg5 f6 17. exf6 Bxf6 18. Bxf6 Rxf6 19. Nxd5 Rf8 20. Ne7+ Qxe7 21.
Qxe7 Nxe7 22. Bxe6+ Kg7 23. Rae1 Kf6 24. Bb3 Nc6 25. Re6+ Kg5 26. Bd5 Nd4 27.
Re7 h5 28. c3 Nc2 29. Re2 Rad8 30. Bb3 Rxd3 31. Bxc2 Rd6 32. g3 Rfd8 33. Kg1 b5
34. Re5 Rd2 35. Rf2 c4 36. Ree2 R2d5 37. Kg2 h4 38. b4 hxg3 39. hxg3 R8d6 40. a4
a5 41. bxa5 bxa4 42. Bxa4 Rxa5 43. Be8 Ra3 44. Re3 Kf6 45. Bb5 Rd3 46. Rxd3 cxd3
47. Bxd3 Rxc3 48. Be2 Kg5 49. Bf3 Kf6 50. Ra2 g5 51. Be2 Ke5 52. Ra5+ Kf6 53.
Kf2 Rc2 54. Kf3 Rc3+ 55. Kf2 Rc2 56. Rb5 Ra2 57. Rc5 Rb2 58. Rd5 Ra2 59. Kf3
Ra3+ 60. Bd3 Ra2 61. Rxf5+ Ke6 62. Rxg5 Ra3 63. Ke3 Ra1 64. g4 Rg1 65. Rg6+ Kf7
66. Rg5 Kf6 67. Rf5+ Kg7 68. Kf4 Kh6 69. Rh5+ Kg7 70. Ra5 Rd1 71. Bf5 Kh6 72.
g5+ Kg7 73. Ra7+ Kh8 74. g6 Re1 75. Kg5 Re8 76. Kh6 Rd8 77. g7+ Kg8 78. Bh7# 1-0

[Event "Titled Tue 24th Jun Early"]
[Site "chess.com INT"]
[Date "2025.06.24"]
[Round "8"]
[White "Chitre Arush"]
[Black "Chernov, Alexander A."]
[Result "1/2-1/2"]
[WhiteTitle "CM"]
[BlackTitle "FM"]
[WhiteElo "2151"]
[BlackElo "2314"]
[WhiteFideId "25959026"]
[BlackFideId "4152492"]
[EventDate "2025.06.24"]

1. d4 Nf6 2. Bf4 e6 3. e3 b6 4. Ne2 Bb7 5. Ng1 Be7 6. Nf3 O-O 7. c3 d6 8. Nbd2
Nbd7 9. h3 Re8 10. Bd3 Bf8 11. Bh2 e5 12. dxe5 dxe5 13. Bc4 h6 14. O-O a5 15.
Qe2 Qe7 16. Rfd1 g6 17. Nh4 Kh7 18. e4 Nc5 19. f3 Nh5 20. Qf2 Qf6 21. Nf1 Rad8
22. Ne3 Nf4 23. Bxf4 exf4 24. Ng4 Qe7 25. e5 Bg7 26. Re1 h5 27. Nh2 Bh6 28. g3
Nd3 29. Bxd3 Rxd3 30. g4 Re3 31. Ng2 Qxe5 32. Nxe3 fxe3 33. Qg2 Bf4 34. Re2 Ba6
35. Ree1 e2 36. c4 Bxc4 37. b3 Ba6 38. Kh1 Bg3 39. gxh5 gxh5 40. Rg1 Rg8 41.
Rae1 f5 42. Ng4 fxg4 43. Qxg3 Qxg3 44. Rxg3 gxf3 45. Rxg8 Kxg8 46. Kg1 Kf7 47.
Kf2 Bb7 48. Rc1 c5 49. Rc4 Ke6 50. Rh4 Ke5 51. Rxh5+ Kd4 52. Rh7 Be4 53. Rd7+
Kc3 54. h4 Bd3 55. h5 Kd2 56. Re7 b5 57. h6 c4 58. bxc4 bxc4 59. Kxf3 e1=Q 60.
Rxe1 Kxe1 61. Ke3 Bh7 62. Kd4 Kd2 63. Kxc4 Kc2 64. Kb5 Kb2 65. a4 Ka2 66. Kxa5
Ka3 67. Kb5 Bd3+ 68. Ka5 Kb3 69. Kb6 Kxa4 70. Kc5 Bc2 71. Kd4 Bb1 72. Ke5 Bc2
73. Kd4 Bb1 74. Kc3 Be4 75. Kb2 Bh7 76. Kc3 Kb5 77. Kd4 Kc6 78. Ke5 Kd7 79. Kf6
Ke8 80. Kg7 Be4 81. Kg8 Bf5 82. Kh8 Ke7 83. Kg7 Ke6 84. Kg8 Be4 85. Kf8 Kf6 86.
Kg8 Bf5 87. Kf8 Kg5 88. Kg7 Kh5 89. Kf6 Kxh6 1/2-1/2

[Event "Titled Tue 24th Jun Early"]
[Site "chess.com INT"]
[Date "2025.06.24"]
[Round "8"]
[White "Khanbutaev, Artemii"]
[Black "Gong, Qianyun"]
[Result "0-1"]
[BlackTitle "WGM"]
[WhiteElo "2139"]
[BlackElo "2228"]
[WhiteFideId "55747175"]
[BlackFideId "8602425"]
[EventDate "2025.06.24"]

1. d4 Nf6 2. c4 e6 3. g3 c5 4. d5 exd5 5. cxd5 d6 6. Nc3 Be7 7. Bg2 O-O 8. Nf3
a6 9. a4 Re8 10. O-O Nbd7 11. e4 Bf8 12. Re1 Qc7 13. Bf4 Nh5 14. Be3 b6 15. Nd2
Nhf6 16. Nc4 Bb7 17. Rb1 Rad8 18. b4 cxb4 19. Rxb4 a5 20. Nb5 Qb8 21. Rb1 Ba6
22. Nba3 Nxe4 23. Qc2 Nec5 24. Nxa5 Bd3 25. Qd2 Bxb1 26. Nc6 Qa8 27. Nxd8 Be4
28. Nc6 Bxg2 29. Kxg2 Qxa4 30. Qb4 Qa8 31. Nb5 Nd3 32. Qd2 Nxe1+ 33. Qxe1 Qa2
34. Qd1 Nf6 35. Nc3 Qc4 36. Qd4 b5 37. Qxc4 bxc4 38. Kf3 Nd7 39. Bd4 Ne5+ 40.
Bxe5 dxe5 41. Ke4 f6 42. Nb5 Ra8 43. d6 g6 44. d7 f5+ 45. Kxe5 Bg7+ 46. Kd5 Bf6
47. Kxc4 Kf7 48. Nd6+ Ke6 49. Nc8 Ra1 50. d8=Q Bxd8 51. Nxd8+ Kd7 52. Nf7 Kxc8
53. Ng5 h6 54. Nh3 Kd7 55. Kd5 Ke7 56. Ke5 Ra5+ 57. Kf4 Kf6 58. Ke3 g5 59. Ng1
Ra3+ 60. Ke2 g4 61. Kf1 Kg5 62. Kg2 h5 63. h3 f4 64. hxg4 hxg4 65. gxf4+ Kxf4
66. Ne2+ Kg5 67. Ng3 Ra2 68. Nf1 Kf4 69. Ng3 Ra1 70. Nf1 Rb1 71. Ne3 Rb2 72. Nf1
Ra2 73. Ng3 Rb2 74. Nh5+ Kg5 75. Ng3 Kh4 76. Nf5+ Kg5 77. Ng3 Ra2 78. Ne4+ Kf5
79. Ng3+ Kf4 80. Nh5+ Ke5 81. Ng3 Kd4 82. Nf5+ Kd3 83. Ne3 Ke2 84. Nxg4 Ra4 85.
Kg3 Ra3+ 86. Ne3 Rb3 87. Kg2 Rb8 88. Nf5 Rf8 89. Ng3+ Kd3 90. f3 Ke3 91. Nf1+
Kf4 92. Kf2 Ra8 93. Nd2 Ra2 94. Ke2 Rb2 95. Kd3 Ra2 96. Ke2 Ra3 97. Kd1 Rd3 98.
Ke2 Rd8 99. Kd1 Ke3 100. Ke1 Rxd2 101. f4 Ra2 102. Kf1 Kxf4 103. Ke1 Ke3 104.
Kd1 Rh2 105. Kc1 Kd3 106. Kb1 Kc3 107. Ka1 Kb3 108. Kb1 Rh1# 0-1

[Event "Titled Tue 24th Jun Early"]
[Site "chess.com INT"]
[Date "2025.06.24"]
[Round "9"]
[White "Huh, Isaak"]
[Black "Tsiolakidis, Anastasios"]
[Result "0-1"]
[WhiteTitle "CM"]
[BlackTitle "FM"]
[WhiteElo "2139"]
[BlackElo "2298"]
[WhiteFideId "13209590"]
[BlackFideId "4201477"]
[EventDate "2025.06.24"]

1. Nf3 c5 2. e3 Nc6 3. Ke2 e5 4. g3 e4 5. Ne1 d5 6. Bg2 f5 7. f3 Nf6 8. Rf1 d4
9. fxe4 fxe4 10. c3 Bg4+ 0-1

[Event "Titled Tue 24th Jun Early"]
[Site "chess.com INT"]
[Date "2025.06.24"]
[Round "9"]
[White "Beniosev, Daniel"]
[Black "Willim, Michael"]
[Result "0-1"]
[WhiteTitle "CM"]
[BlackTitle "CM"]
[WhiteElo "1959"]
[BlackElo "2024"]
[WhiteFideId "11632674"]
[BlackFideId "4632435"]
[EventDate "2025.06.24"]

1. e4 e6 2. d4 d5 3. Nc3 Nf6 4. e5 Nfd7 5. f4 c5 6. Nf3 Nc6 7. Be3 Be7 8. Qd2 a6
9. dxc5 Nxc5 10. O-O-O b5 11. Nd4 Nxd4 12. Bxd4 b4 13. Ne2 Ne4 14. Qe3 a5 15.
Ng3 Nxg3 16. hxg3 a4 17. f5 Bg5 0-1

[Event "Titled Tue 24th Jun Early"]
[Site "chess.com INT"]
[Date "2025.06.24"]
[Round "9"]
[White "Izafatava, Kira"]
[Black "Damaraju, Ashwin"]
[Result "0-1"]
[WhiteTitle "WCM"]
[WhiteElo "2036"]
[BlackElo "2084"]
[WhiteFideId "13521705"]
[BlackFideId "39908348"]
[EventDate "2025.06.24"]

1. e4 c5 2. Nf3 d6 3. d4 cxd4 4. Nxd4 Nf6 5. Nc3 g6 6. Be3 Nc6 7. f3 h5 8. h3
Bg7 9. Be2 Bd7 10. O-O Rc8 11. f4 Qa5 12. Qd2 Nxd4 13. Bxd4 Nxe4 14. Nxe4 Qxd2
15. Nxd2 Bxd4+ 16. Kh2 Rxc2 17. Rfd1 Be3 0-1

[Event "Titled Tue 24th Jun Early"]
[Site "chess.com INT"]
[Date "2025.06.24"]
[Round "9"]
[White "Ganzhurov, Roman"]
[Black "Sovetbekova, Nurai"]
[Result "1-0"]
[WhiteTitle "FM"]
[BlackTitle "WFM"]
[WhiteElo "2082"]
[BlackElo "2007"]
[WhiteFideId "4179501"]
[BlackFideId "13801910"]
[EventDate "2025.06.24"]

1. d4 Nf6 2. c4 g6 3. Nc3 d5 4. Nf3 Bg7 5. Qb3 c6 6. Bg5 Ne4 7. Bf4 dxc4 8. Qxc4
Nxc3 9. bxc3 O-O 10. e3 Be6 11. Qb4 Na6 12. Bxa6 bxa6 13. O-O Qb6 14. Qxe7 Rfe8
15. Qa3 Bf8 16. Qa4 Bg4 17. Rab1 Qd8 18. Ne5 Be2 19. Rfe1 Bb5 20. Qb3 Qd5 21. c4
Qe4 22. cxb5 cxb5 23. Qxf7+ 1-0

[Event "Titled Tue 24th Jun Early"]
[Site "chess.com INT"]
[Date "2025.06.24"]
[Round "9"]
[White "Sabatier, Mathis"]
[Black "Kislinsky, Alexey"]
[Result "1-0"]
[WhiteTitle "CM"]
[BlackTitle "GM"]
[WhiteElo "2235"]
[BlackElo "2341"]
[WhiteFideId "26029685"]
[BlackFideId "14108801"]
[EventDate "2025.06.24"]

1. d4 d5 2. c4 dxc4 3. e4 e5 4. Nf3 exd4 5. Bxc4 Bb4+ 6. Nbd2 Nf6 7. Bxf7+ Kxf7
8. Qb3+ Kf8 9. Qxb4+ Qe7 10. Qxe7+ Kxe7 11. Nxd4 Rd8 12. N4f3 Nc6 13. O-O Be6
14. e5 Nd5 15. Ne4 b6 16. Bg5+ Ke8 17. Bxd8 Rxd8 18. Rad1 h6 19. Nd4 Nxd4 20.
Rxd4 c5 21. Rd2 Ke7 22. Rfd1 c4 23. Nc3 Nxc3 24. Rxd8 Nxd1 25. Rxd1 Bf5 26. f4
b5 27. Kf2 b4 28. Ke3 c3 29. bxc3 bxc3 30. Rc1 c2 31. Kd2 g5 32. g3 Ke6 33. Rxc2
Bxc2 34. Kxc2 1-0

[Event "Titled Tue 24th Jun Early"]
[Site "chess.com INT"]
[Date "2025.06.24"]
[Round "9"]
[White "Osinovsky, Stepan"]
[Black "Romany, Joy"]
[Result "1-0"]
[WhiteTitle "FM"]
[BlackTitle "WIM"]
[WhiteElo "2240"]
[BlackElo "1960"]
[WhiteFideId "4157354"]
[BlackFideId "10656820"]
[EventDate "2025.06.24"]

1. e4 c5 2. Nf3 e6 3. d3 Nc6 4. Nbd2 d5 5. g3 Nf6 6. Bg2 dxe4 7. dxe4 Be7 8. O-O
O-O 9. e5 Nd7 10. Qe2 Qc7 11. Re1 Nd4 12. Nxd4 cxd4 13. Nb3 Rd8 14. Nxd4 Nxe5
15. Nb5 Qb6 16. Qxe5 Bc5 17. Be3 Bxe3 18. Rxe3 f6 19. Qc7 Rd7 20. Qxb6 axb6 21.
Rxe6 Rd2 22. Re8+ Kf7 23. Rh8 Rxc2 24. Bd5+ Ke7 25. Re1+ Kd7 26. Rhe8 1-0

[Event "Titled Tue 24th Jun Early"]
[Site "chess.com INT"]
[Date "2025.06.24"]
[Round "9"]
[White "Begunov, Konstantin"]
[Black "Wu, Jayden"]
[Result "1-0"]
[WhiteTitle "FM"]
[WhiteElo "2325"]
[BlackElo "2061"]
[WhiteFideId "4118510"]
[BlackFideId "30972558"]
[EventDate "2025.06.24"]

1. d4 Nf6 2. c4 e6 3. Nf3 d5 4. Nc3 Bb4 5. cxd5 exd5 6. Bg5 h6 7. Bh4 O-O 8. e3
Bf5 9. Qb3 Bxc3+ 10. bxc3 Nbd7 11. c4 dxc4 12. Bxc4 Qc8 13. O-O c6 14. Rac1 a5
15. Rfd1 Ne4 16. Be7 Re8 17. Bxf7+ Kh7 18. Bxe8 Qxe8 19. Bh4 1-0

[Event "Titled Tue 24th Jun Early"]
[Site "chess.com INT"]
[Date "2025.06.24"]
[Round "9"]
[White "Nazin, Roman"]
[Black "Mata Gonzalez, Jose Fernando"]
[Result "1-0"]
[WhiteTitle "CM"]
[BlackTitle "CM"]
[WhiteElo "2250"]
[BlackElo "2164"]
[WhiteFideId "4137167"]
[BlackFideId "5107423"]
[EventDate "2025.06.24"]

1. d4 Nf6 2. Nf3 d5 3. c4 g6 4. cxd5 Nxd5 5. h3 Bg7 6. e4 Nf6 7. Nc3 O-O 8. Be3
Re8 9. Be2 b6 10. O-O Bb7 11. Qc2 Nbd7 12. Rfd1 Qc8 13. Rac1 e5 14. d5 Qd8 15.
Nb5 Ba6 16. Nxc7 Bxe2 17. Qxe2 Nxe4 18. Nxa8 Qxa8 19. Qc4 f5 20. Qc6 Qxc6 21.
dxc6 Ndc5 22. c7 Bf6 23. b4 f4 24. bxc5 fxe3 25. cxb6 exf2+ 26. Kf1 Rc8 27. b7
Rxc7 28. b8=Q+ 1-0

[Event "Titled Tue 24th Jun Early"]
[Site "chess.com INT"]
[Date "2025.06.24"]
[Round "9"]
[White "Murawski, Jan"]
[Black "Roebers, Jan"]
[Result "0-1"]
[WhiteTitle "CM"]
[BlackTitle "FM"]
[WhiteElo "2164"]
[BlackElo "2056"]
[WhiteFideId "21009287"]
[BlackFideId "1007815"]
[EventDate "2025.06.24"]

1. c4 Nf6 2. Nc3 g6 3. d4 Bg7 4. e4 d6 5. Be2 O-O 6. Bg5 c5 7. d5 h6 8. Be3 e6
9. Nf3 exd5 10. exd5 Bg4 11. O-O a6 12. Qd2 Kh7 13. h3 Bxf3 14. Bxf3 Nbd7 15. g3
Rb8 16. a4 b6 17. Rac1 Re8 18. Bg2 Ne5 19. b3 Nh5 20. g4 Nf6 21. f4 Ned7 22. f5
Nxg4 23. hxg4 Rxe3 24. f6 Rxc3 25. Rxc3 Bxf6 26. Rcf3 Bd4+ 27. Kh1 Ne5 28. Rh3
g5 29. Qxg5 Qxg5 0-1

[Event "Titled Tue 24th Jun Early"]
[Site "chess.com INT"]
[Date "2025.06.24"]
[Round "9"]
[White "Anakok, Deniz"]
[Black "Salonen, Aku"]
[Result "0-1"]
[WhiteTitle "CM"]
[BlackTitle "FM"]
[WhiteElo "2058"]
[BlackElo "2330"]
[WhiteFideId "51603586"]
[BlackFideId "517577"]
[EventDate "2025.06.24"]

1. e4 c5 2. Nf3 d6 3. d4 cxd4 4. Nxd4 Nf6 5. Nc3 a6 6. Be3 e5 7. Nf3 Be7 8. Bc4
Be6 9. Bxe6 fxe6 10. O-O O-O 11. Qe2 Nc6 12. Na4 b5 13. Nb6 Rb8 14. a4 Rxb6 15.
Bxb6 Qxb6 16. axb5 axb5 17. Ng5 Nd4 18. Qd3 h6 19. Nf3 Nxf3+ 20. Qxf3 Nd5 21.
Qb3 Nf4 22. g3 Ne2+ 23. Kg2 Nd4 24. Qd3 Rf3 25. Qd1 b4 26. Ra8+ Bf8 27. Qd2 Qb7
28. Ra4 Qxe4 29. Rxb4 Rxg3+ 30. Kxg3 Nf5+ 31. Kh3 Qf3# 0-1

[Event "Titled Tue 24th Jun Early"]
[Site "chess.com INT"]
[Date "2025.06.24"]
[Round "9"]
[White "Puzyrevsky, Semyon"]
[Black "Kollars, Dmitrij"]
[Result "0-1"]
[WhiteTitle "FM"]
[BlackTitle "GM"]
[WhiteElo "2292"]
[BlackElo "2633"]
[WhiteFideId "24240931"]
[BlackFideId "12909572"]
[EventDate "2025.06.24"]

1. Nf3 d5 2. d4 Nf6 3. c4 e6 4. g3 Bb4+ 5. Bd2 a5 6. Bg2 O-O 7. O-O dxc4 8. Na3
Bxa3 9. bxa3 Bd7 10. Ne5 Bc6 11. Nxc6 Nxc6 12. e3 Nd5 13. Qc2 Nb6 14. Rab1 Qd6
15. Qc3 Rfd8 16. Rb5 e5 17. Bxc6 exd4 18. exd4 Qxc6 19. Rc5 Qd7 20. Be3 Na4 21.
Qxc4 Nxc5 22. dxc5 Qd5 23. Qf4 Rd7 24. Rb1 Rad8 25. h4 h6 26. Rb2 Qc6 27. Kh2
Rd1 28. f3 Re8 29. Bd4 Qd5 30. Bc3 Qd3 31. Qe5 Rxe5 0-1

[Event "Titled Tue 24th Jun Early"]
[Site "chess.com INT"]
[Date "2025.06.24"]
[Round "9"]
[White "Niemann, Hans Moke"]
[Black "Mendonca, Leon Luke"]
[Result "1-0"]
[WhiteTitle "GM"]
[BlackTitle "GM"]
[WhiteElo "2736"]
[BlackElo "2603"]
[WhiteFideId "2093596"]
[BlackFideId "35028561"]
[EventDate "2025.06.24"]

1. e4 c6 2. Nf3 d5 3. d3 e6 4. e5 c5 5. c3 Nc6 6. d4 Qb6 7. g3 Bd7 8. Bh3 Nge7
9. O-O cxd4 10. cxd4 Nf5 11. Bxf5 exf5 12. Nc3 Be6 13. h4 h6 14. Ne2 Be7 15. Re1
O-O-O 16. h5 g5 17. hxg6 fxg6 18. Nf4 Bf7 19. e6 Be8 20. Ne5 Nxe5 21. Rxe5 Bd6
22. Nxd5 Qc6 23. Bf4 Bxe5 24. Ne7+ 1-0

[Event "Titled Tue 24th Jun Early"]
[Site "chess.com INT"]
[Date "2025.06.24"]
[Round "9"]
[White "Veiga, Jose Francisco R P Neves"]
[Black "Omariev, Maksim"]
[Result "0-1"]
[WhiteTitle "IM"]
[BlackTitle "FM"]
[WhiteElo "2390"]
[BlackElo "2304"]
[WhiteFideId "1930087"]
[BlackFideId "4193423"]
[EventDate "2025.06.24"]

1. e4 c5 2. Nf3 d6 3. d4 cxd4 4. Nxd4 Nf6 5. Nc3 a6 6. Bg5 Nbd7 7. f4 Qc7 8. Qf3
h6 9. Bxf6 Nxf6 10. O-O-O Bg4 11. Qg3 Bxd1 12. Kxd1 g5 13. e5 Nh5 14. Qe1 Nxf4
15. g3 dxe5 16. gxf4 O-O-O 17. Kc1 exd4 18. Ne4 Qxf4+ 19. Kb1 Bg7 20. Bg2 Qe5
21. Qb4 Rd7 22. Re1 Qb5 23. Qa3 Kb8 24. Nc5 Rc7 25. Nxb7 Rxb7 26. Bxb7 Qxb7 27.
Qg3+ e5 0-1

[Event "Titled Tue 24th Jun Early"]
[Site "chess.com INT"]
[Date "2025.06.24"]
[Round "9"]
[White "Lloret Ramis, Juan Jose"]
[Black "Leung, Hoi Ting"]
[Result "0-1"]
[WhiteTitle "FM"]
[BlackTitle "WCM"]
[WhiteElo "2019"]
[BlackElo "1618"]
[WhiteFideId "2204053"]
[BlackFideId "6003770"]
[EventDate "2025.06.24"]

1. d4 Nf6 2. Bg5 e6 3. Nf3 d5 4. e3 Be7 5. Bd3 b6 6. c4 Bb7 7. Nc3 O-O 8. Bxf6
Bxf6 9. cxd5 exd5 10. b4 Nd7 11. O-O c5 12. bxc5 bxc5 13. dxc5 Bxc3 14. Rb1 Bc6
15. Qc2 Bf6 16. Bxh7+ Kh8 17. Nd4 Bxd4 18. exd4 Qh4 19. Rb3 g6 20. Bxg6 fxg6 21.
Rh3 Qxh3 22. gxh3 Kg7 23. f4 Nf6 24. f5 Ne4 25. fxg6 Rxf1+ 26. Kxf1 Rf8+ 27. Kg1
Kxg6 28. Qg2+ Kf7 29. Qf3+ Ke7 30. Qh5 Rg8+ 31. Kf1 Bb5+ 32. Ke1 Rg1# 0-1

[Event "Titled Tue 24th Jun Early"]
[Site "chess.com INT"]
[Date "2025.06.24"]
[Round "9"]
[White "Vlassov, Nikolai"]
[Black "Marynychenko, Yehor"]
[Result "1-0"]
[WhiteTitle "IM"]
[BlackTitle "CM"]
[WhiteElo "2291"]
[BlackElo "2183"]
[WhiteFideId "4103360"]
[BlackFideId "34160558"]
[EventDate "2025.06.24"]

1. e4 c5 2. c3 g6 3. d4 cxd4 4. cxd4 d5 5. e5 Nc6 6. Nc3 Bg7 7. Bf4 Nh6 8. Qd2
Nf5 9. Nf3 e6 10. O-O-O O-O 11. g4 Nfe7 12. h4 f6 13. h5 g5 14. exf6 Rxf6 15.
Nxg5 h6 16. Nh3 Rf8 17. Bxh6 Rf7 18. Bxg7 Rxg7 19. f3 e5 20. dxe5 Nxe5 21. Nxd5
Nxd5 22. Qxd5+ Qxd5 23. Rxd5 Nxf3 24. Rd8+ Kh7 25. Bd3+ Bf5 26. Bxf5+ 1-0

[Event "Titled Tue 24th Jun Early"]
[Site "chess.com INT"]
[Date "2025.06.24"]
[Round "9"]
[White "Shogdzhiev, Roman"]
[Black "Aghaei, Alireza"]
[Result "1-0"]
[WhiteTitle "FM"]
[BlackTitle "CM"]
[WhiteElo "2402"]
[BlackElo "2204"]
[WhiteFideId "55653537"]
[BlackFideId "12509914"]
[EventDate "2025.06.24"]

1. d3 d5 2. Nd2 e5 3. g3 Nf6 4. Bg2 c6 5. e4 Bd6 6. Ngf3 O-O 7. O-O Re8 8. Re1
Bg4 9. h3 Bh5 10. c3 Nbd7 11. Qc2 Bf8 12. b3 dxe4 13. dxe4 Nc5 14. Re3 a5 15. a4
Qb6 16. Rb1 Rad8 17. Ne1 1-0

[Event "Titled Tue 24th Jun Early"]
[Site "chess.com INT"]
[Date "2025.06.24"]
[Round "9"]
[White "Sydykov, Bayastan"]
[Black "Milanovic, Vojislav"]
[Result "1-0"]
[WhiteTitle "FM"]
[BlackTitle "IM"]
[WhiteElo "2301"]
[BlackElo "2293"]
[WhiteFideId "13829610"]
[BlackFideId "905046"]
[EventDate "2025.06.24"]

1. Nf3 g6 2. g3 Bg7 3. Bg2 d6 4. O-O c5 5. e4 Nc6 6. Re1 e6 7. c3 Nge7 8. d4 O-O
9. Be3 cxd4 10. cxd4 d5 11. e5 Nf5 12. Bd2 Qb6 13. Bc3 h5 14. Na3 Re8 15. Nc2
Bf8 16. a3 a5 17. Ne3 Nxe3 18. fxe3 a4 19. Qe2 Na5 20. Qf2 Bh6 21. h4 Qd8 22.
Rad1 Nc4 23. e4 dxe4 24. Rxe4 Bd7 25. d5 exd5 26. Rxd5 Qe7 27. Rxc4 Be6 28. Bb4
Bxd5 29. Bxe7 Bxc4 30. Bg5 Bg7 31. Bf6 Rac8 32. Ng5 b5 33. Bxg7 Kxg7 34. Qf6+
Kg8 35. Bh3 Rcd8 36. e6 Rd1+ 37. Kf2 Rd2+ 38. Kf3 Rd3+ 39. Kf4 Red8 40. Qxf7+ 1-0

[Event "Titled Tue 24th Jun Early"]
[Site "chess.com INT"]
[Date "2025.06.24"]
[Round "9"]
[White "Povshednyi, Ivan"]
[Black "Lowinger, Daniel"]
[Result "1-0"]
[WhiteTitle "FM"]
[WhiteElo "2309"]
[BlackElo "2086"]
[WhiteFideId "14190907"]
[BlackFideId "2005557"]
[EventDate "2025.06.24"]

1. Nf3 Nf6 2. g3 g6 3. Bg2 Bg7 4. O-O O-O 5. d4 d6 6. Re1 Nbd7 7. e4 e5 8. Nc3
c6 9. a4 a5 10. h3 Re8 11. Be3 exd4 12. Bxd4 Qc7 13. Nd2 Nf8 14. Nc4 d5 15. exd5
Rxe1+ 16. Qxe1 Nxd5 17. Bxg7 Kxg7 18. Nxd5 cxd5 19. Ne3 Be6 20. c3 Rd8 21. Qd2
Qc5 22. Rd1 b6 23. b4 Qe7 24. Qd4+ Qf6 25. Qxb6 Rc8 26. bxa5 1-0

[Event "Titled Tue 24th Jun Early"]
[Site "chess.com INT"]
[Date "2025.06.24"]
[Round "9"]
[White "Reshetnikov, Alexey"]
[Black "Abdsattar, Alisher"]
[Result "0-1"]
[WhiteTitle "IM"]
[BlackTitle "CM"]
[WhiteElo "2492"]
[BlackElo "2030"]
[WhiteFideId "4162080"]
[BlackFideId "13749358"]
[EventDate "2025.06.24"]

1. d4 d5 2. c4 e6 3. Nc3 c5 4. cxd5 cxd4 5. Qxd4 Nc6 6. Qa4 exd5 7. Nf3 d4 8.
Nb5 Bb4+ 9. Bd2 Bxd2+ 10. Nxd2 Nf6 11. Nf3 O-O 12. Nbxd4 Nxd4 13. Qxd4 Qa5+ 14.
b4 Qa3 15. Rb1 Bf5 16. Qb2 Qa4 17. Rc1 Rac8 18. Rxc8 Rxc8 19. Nd4 Ne4 20. f3
Qxb4+ 21. Qxb4 Rc1# 0-1

[Event "Titled Tue 24th Jun Early"]
[Site "chess.com INT"]
[Date "2025.06.24"]
[Round "9"]
[White "Gonzalez Guedes, Iyan"]
[Black "Gubajdullin, Alexei"]
[Result "0-1"]
[WhiteTitle "FM"]
[BlackTitle "FM"]
[WhiteElo "2238"]
[BlackElo "2233"]
[WhiteFideId "24524131"]
[BlackFideId "4141202"]
[EventDate "2025.06.24"]

1. e4 c5 2. Nf3 d6 3. d4 cxd4 4. Nxd4 Nf6 5. Nc3 g6 6. Be3 Bg7 7. Qd2 h5 8. Bc4
a6 9. f3 b5 10. Bb3 Bb7 11. O-O-O Nbd7 12. Rhf1 Rc8 13. g4 hxg4 14. fxg4 b4 15.
Nd5 Bxd5 16. exd5 Nxg4 17. Bg5 Nge5 18. Nc6 Nxc6 19. dxc6 Ne5 20. Qd5 O-O 21.
Rxf7 Nxf7 22. Rf1 e6 23. Bxd8 exd5 24. Be7 Rfe8 0-1

[Event "Titled Tue 24th Jun Early"]
[Site "chess.com INT"]
[Date "2025.06.24"]
[Round "9"]
[White "Brown, Akeem"]
[Black "Linares Orellana, Hector Jose"]
[Result "0-1"]
[WhiteTitle "CM"]
[BlackTitle "FM"]
[WhiteElo "2055"]
[BlackElo "2111"]
[WhiteFideId "7402023"]
[BlackFideId "7304307"]
[EventDate "2025.06.24"]

1. e4 e5 2. Nf3 Nc6 3. Bc4 Bc5 4. c3 Nf6 5. d4 exd4 6. cxd4 Bb4+ 7. Nc3 Nxe4 8.
O-O Bxc3 9. d5 Bf6 10. Re1 Ne7 11. Rxe4 d6 12. Bg5 Bxg5 13. Nxg5 O-O 14. Nxh7
Kxh7 15. Qh5+ Kg8 16. Rh4 f6 17. Bd3 f5 18. Re1 Nxd5 19. Qh7+ Kf7 20. Rh6 Qg5
21. Bc4 Qxh6 22. Bxd5+ Kf6 0-1